00833nam a22002057a 4500003001100000005001700011008004100028040003900069041000800108041000800116082001300124245016800137260011900305650002800424650004100452700002400493942000700517952008800524999001500612LK-CoMWRAF20240624125612.0240309b2011 |||||||| |||| 00| 0 eng d aLK-CoMWRAFdLK-CoMWRAFeLK-CoMWRAF aeng atam a923bDES aDeshabandu Jezima Ismail:ba collection of tributes to Mrs. Jezima Ismail on the eve of her selection as one of the 500 most influential Muslims in the world- 2010 bInter religious federation of Ampara district (IRFAD),bCouncil of senior citizens of Sainthamarutha (CSCS),c2011 aEDUCATIONISTS-Sri Lanka aEDUCATIONISTS-Muslim women-Sri Lanka aJameel, M.I.M.eed. cBK 00104070aMAINbMAINd2024-03-09l0o923 DESpRAF5182r2024-03-09w2024-03-09yBK c4842d4842